[Event "AUTO-ADV-4816"]
[Site "http://www.queenalice.com/game.php?id=1844581"]
[Date "2024.10.2"]
[Round "1"]
[White "Kn1ght1962"]
[Black "Capixaba789"]
[Result "1-0"]
[WhiteElo "1747"]
[BlackElo "1947"]

1. e4 e5 2. a3 Nf6 3. d3 Bc5 4. Qf3 O-O 5. Qg3 d5 6. Bh6 Ne8 7. Nf3 dxe4 8. Nxe5
Qf6 9. Bf4 exd3 10. Bxd3 Nd6 11. h3 Re8 12. O-O Bd4 13. Re1 Bxe5 14. Bxe5 Nf5
15. Bxf5 Qh6 16. Qc3 Be6 17. Bxe6 fxe6 18. Qxc7 Na6 19. Qxb7 Nc5 20. Qc6 Rec8
21. Bc7 Qg5 22. Nc3 Rab8 23. b4 Nb7 24. Qxe6+ Kh8 25. Bxb8 1-0

[Event "AUTO-ADV-4816"]
[Site "http://www.queenalice.com/game.php?id=1844588"]
[Date "2024.10.2"]
[Round "1"]
[White "Kn1ght1962"]
[Black "mvson33"]
[Result "1-0"]
[WhiteElo "1726"]
[BlackElo "1842"]

1. e4 c6 2. d3 d5 3. h3 dxe4 4. Be3 exd3 5. Bxd3 Nf6 6. Nc3 e6 7. a3 Be7 8. Nf3
O-O 9. Qd2 Qc7 10. Ng5 h6 11. Nf3 e5 12. Bxh6 1-0

[Event "AUTO-ADV-4816"]
[Site "http://www.queenalice.com/game.php?id=1844589"]
[Date "2024.10.2"]
[Round "1"]
[White "mvson33"]
[Black "Kn1ght1962"]
[Result "0-1"]
[WhiteElo "1753"]
[BlackElo "1764"]

1. e4 e5 2. Nf3 d6 3. Bc4 h6 4. Nc3 c6 5. O-O Qf6 6. d3 Be7 7. Bd2 Qg6 8. Kh1
Nf6 9. a3 Nbd7 10. Qe2 b5 11. Ba2 Ba6 12. Rfe1 Bd8 13. Nh4 Qh7 14. Nf5 g5 15.
Nxd6+ Ke7 16. Nf5+ Kf8 17. Nd6 Be7 18. Nxf7 Rg8 19. Nxe5 Nxe5 20. Bxg8 Qxg8 21.
Rad1 Kf7 22. Na2 Rf8 23. Nc3 Ke8 24. Na2 Qxa2 25. Bc1 Qe6 26. Bd2 Nfg4 27. Qf1
Bc5 28. Be3 Bxe3 0-1

[Event "AUTO-OPEN-4552"]
[Site "http://www.queenalice.com/game.php?id=1844621"]
[Date "2024.10.2"]
[Round "1"]
[White "BeatifulDevil56"]
[Black "Kn1ght1962"]
[Result "1-0"]
[WhiteElo "2191"]
[BlackElo "1763"]

1. c4 e5 2. Nc3 c6 3. Nf3 d6 4. d4 exd4 5. Qxd4 h6 6. Bf4 Nf6 7. e4 Be6 8. O-O-O
d5 9. e5 c5 10. Qd2 Nfd7 11. cxd5 Bf5 12. e6 fxe6 13. dxe6 Bxe6 14. Nd5 g5 15.
Nc7+ Ke7 16. Qd6+ Kf7 17. Ne5+ Kg7 18. Nxe6+ Kh7 19. Qd3+ Kg8 20. Qg6+ Bg7 21.
Qxg7# 1-0

[Event "AUTO-OPEN-4552"]
[Site "http://www.queenalice.com/game.php?id=1844622"]
[Date "2024.10.2"]
[Round "1"]
[White "Kn1ght1962"]
[Black "BeatifulDevil56"]
[Result "0-1"]
[WhiteElo "1813"]
[BlackElo "2220"]

1. e4 e5 2. Nf3 d6 3. h3 Be7 4. a3 Nd7 5. Nc3 Ngf6 6. d4 O-O 7. Be3 a6 8. dxe5
dxe5 9. Bd3 b5 10. Qd2 Bc5 11. Ng5 Bxe3 12. Qxe3 Bb7 13. Qg3 h6 14. Nf3 c5 15.
Nh4 c4 16. Be2 Nxe4 17. Nxe4 Bxe4 18. O-O-O Rc8 19. Kb1 Qc7 20. Qg4 f5 21. Qg6
Rf6 22. Qg3 Nc5 23. Ng6 f4 24. Qg4 Rxg6 25. Qh4 c3 26. b3 Qf7 27. Rd8+ Rxd8 28.
Qxd8+ Kh7 29. f3 Bf5 30. g4 Bd7 31. b4 Na4 32. Bd3 Nb2 33. Bxg6+ Kxg6 34. h4 Qd5
35. h5+ Kf7 36. Qc7 Kf6 37. Qd8+ Kf7 38. Qc7 Nc4 39. g5 Nxa3+ 40. Kc1 Qd2# 0-1

[Event "AUTO-OPEN-4552"]
[Site "http://www.queenalice.com/game.php?id=1844641"]
[Date "2024.10.2"]
[Round "1"]
[White "Pipo712"]
[Black "Kn1ght1962"]
[Result "1-0"]
[WhiteElo "2047"]
[BlackElo "1780"]

1. e4 e5 2. Nf3 d6 3. d4 h6 4. dxe5 Be6 5. Nc3 c6 6. exd6 Bxd6 7. Be2 Nd7 8. Nd4
Qf6 9. Nxe6 Qxe6 10. Bg4 Qe5 11. f4 Qa5 12. e5 Bc5 13. Qxd7+ Kf8 14. Qxb7 Re8
15. Bd2 Ne7 16. Ne4 Qb6 17. Nxc5 Qxc5 18. O-O-O Kg8 19. Rhe1 Qd5 20. Bf3 Qxa2
21. Bc3 Kh7 22. Be4+ g6 23. b3 Qa3+ 24. Bb2 Qc5 25. e6 f5 26. Bxh8 Kxh8 27. Bf3
Kg8 28. Kb1 a5 29. Qd7 Kf8 30. Qd4 Qxd4 31. Rxd4 c5 32. Rd7 h5 33. Re5 Rc8 34.
c4 Rb8 35. Rb7 Rd8 36. Rxc5 Ra8 37. Rcc7 Re8 38. Rxe7 Rxe7 39. Rxe7 Kxe7 40. Bd5
h4 41. Kb2 Ke8 42. Ka3 Ke7 43. Ka4 Kd6 44. Kxa5 h3 45. Kb6 hxg2 46. Bxg2 Kxe6
47. c5 g5 48. c6 gxf4 49. c7 1-0

[Event "AUTO-OPEN-4552"]
[Site "http://www.queenalice.com/game.php?id=1844642"]
[Date "2024.10.2"]
[Round "1"]
[White "Kn1ght1962"]
[Black "Pipo712"]
[Result "0-1"]
[WhiteElo "1803"]
[BlackElo "1983"]

1. e4 c5 2. d3 e6 3. h3 Nc6 4. c3 d5 5. a3 dxe4 6. Be3 Nf6 7. dxe4 Qxd1+ 8. Kxd1
Nxe4 9. Bd3 Nf6 10. Nd2 Be7 11. Ngf3 Nd5 12. Nc4 Nxe3+ 13. Nxe3 a6 14. Ke2 O-O
15. Rhd1 Rd8 16. Rd2 Bf6 17. Rad1 b5 18. Ng4 Bb7 19. Nxf6+ gxf6 20. Kf1 c4 21.
Be4 Rxd2 22. Rxd2 Rd8 23. Bxc6 Rxd2 24. Nxd2 Bxc6 25. g4 Kg7 26. f4 Kg6 27. Kf2
h5 28. Kg3 hxg4 29. Kxg4 f5+ 30. Kg3 f6 31. h4 Kh5 32. Nf1 a5 33. Ne3 Be4 34. a4
Bc6 35. axb5 Bxb5 36. Nc2 Ba4 37. Nd4 Bd7 38. Nc2 e5 39. fxe5 fxe5 40. Na3 f4+
41. Kf2 Be6 42. Kf3 Bd5+ 43. Kf2 Kxh4 44. Nb5 e4 45. Nc7 Bf7 46. Nb5 e3+ 47. Ke2
Kg3 48. Nd4 Bh5+ 49. Kf1 Bg6 50. Ne2+ Kg4 51. Ke1 f3 52. Nd4 Bd3 53. b3 f2+ 54.
Kd1 f1=Q# 0-1

[Event "AUTO-OPEN-4552"]
[Site "http://www.queenalice.com/game.php?id=1844651"]
[Date "2024.10.2"]
[Round "1"]
[White "yy"]
[Black "Kn1ght1962"]
[Result "1-0"]
[WhiteElo "2047"]
[BlackElo "1809"]

1. e4 e5 2. Nf3 d6 3. Nc3 c6 4. Bc4 Qf6 5. O-O h6 6. d4 Qg6 7. dxe5 Bh3 8. Nh4
Qg4 9. Qxg4 Bxg4 10. exd6 Bxd6 11. Re1 Be5 12. Bd2 Nf6 13. Be2 Be6 14. Nf3 Bc7
15. Bd3 Bb6 16. Na4 Bc7 17. Nc5 Nbd7 18. Nxb7 Bb6 19. Nd6+ Ke7 20. Nc4 Rhd8 21.
Nxb6 Nxb6 22. Ba5 Rd7 23. Ne5 Rc7 24. c4 c5 25. a3 Rd8 26. Rad1 Nh5 27. Be2 Nf4
28. Rxd8 Kxd8 29. b4 Ke8 30. g3 Nxe2+ 31. Rxe2 Bxc4 32. Nxc4 Rc8 33. Nd6+ Kf8
34. Nxc8 Nxc8 35. Rc2 Nd6 36. bxc5 Nxe4 37. c6 Nd6 38. c7 Kg8 39. Rd2 1-0

[Event "AUTO-OPEN-4552"]
[Site "http://www.queenalice.com/game.php?id=1844652"]
[Date "2024.10.2"]
[Round "1"]
[White "Kn1ght1962"]
[Black "yy"]
[Result "0-1"]
[WhiteElo "1729"]
[BlackElo "2040"]

1. e4 e5 2. a3 Nf6 3. d3 Bc5 4. Qf3 O-O 5. Nc3 c6 6. Qg3 d6 7. Bh6 Nh5 8. Qf3
Nf4 9. Bxf4 exf4 10. h3 Qf6 11. Nge2 Re8 12. Nxf4 Bd4 13. Nh5 Bxc3+ 14. Ke2
Qxf3+ 15. Kxf3 Bxb2 16. Ra2 Bc3 17. Be2 Be6 18. Raa1 Bxa1 19. Rxa1 Nd7 20. Ke3
d5 21. exd5 Bxd5+ 22. Kd2 Bxg2 23. Rg1 Bxh3 24. Nxg7 Re5 25. Ne6+ Kh8 26. Ng5
Be6 27. Rh1 Rxg5 0-1

[Event "AUTO-OPEN-4558"]
[Site "http://www.queenalice.com/game.php?id=1846553"]
[Date "2024.11.2"]
[Round "1"]
[White "Kn1ght1962"]
[Black "yamato"]
[Result "0-1"]
[WhiteElo "1733"]
[BlackElo "2290"]

1. e4 c5 2. h3 e6 3. d3 Nc6 4. c3 Nf6 5. Nf3 d6 6. Be3 Be7 7. Be2 O-O 8. Nbd2
Rb8 9. Nf1 b5 10. Ng3 a5 11. a3 Bd7 12. Qd2 Qc7 13. Ng5 d5 14. exd5 Nxd5 15. d4
Nxe3 16. Qxe3 cxd4 17. Qd3 Bxg5 18. Ne4 Be7 19. O-O dxc3 20. Qxc3 Rfc8 0-1

[Event "AUTO-OPEN-4558"]
[Site "http://www.queenalice.com/game.php?id=1846554"]
[Date "2024.11.2"]
[Round "1"]
[White "yamato"]
[Black "Kn1ght1962"]
[Result "1-0"]
[WhiteElo "2291"]
[BlackElo "1731"]

1. d4 d5 2. Nf3 h6 3. c4 e6 4. Nc3 dxc4 5. e3 a6 6. Bxc4 Bb4 7. O-O f6 8. Qb3
Ba5 9. Bxe6 Ne7 10. Bf7+ Kf8 11. Bc4 Nbc6 12. d5 Ne5 13. Nxe5 fxe5 14. e4 Bb6
15. Kh1 Qd6 16. f4 Ng6 17. fxe5+ Kg8 18. exd6 Ne5 19. dxc7 Bxc7 20. d6+ Kh7 21.
dxc7 1-0

[Event "AUTO-OPEN-4558"]
[Site "http://www.queenalice.com/game.php?id=1846555"]
[Date "2024.11.2"]
[Round "1"]
[White "Kn1ght1962"]
[Black "SGF"]
[Result "1-0"]
[WhiteElo "1735"]
[BlackElo "1662"]

1. e4 e5 2. Nf3 Qf6 3. d3 d6 4. h3 Be7 5. Bg5 Qg6 6. Qd2 Bxg5 7. Nxg5 f6 8. Nf3
h5 9. Nc3 c6 10. a3 h4 11. O-O-O b5 12. Ne2 a5 13. Kb1 Ne7 14. g4 hxg3 15. Nxg3
Bg4 16. Be2 Bxf3 17. Rhg1 Bxe2 18. Nxe2 Qh6 19. f4 exf4 20. Nxf4 d5 21. Qg2 Nd7
22. Ne6 Ra7 23. exd5 Nxd5 24. Nxg7+ Kd8 25. Rde1 Nc5 26. Qg3 Rxg7 27. Qb8+ Kd7
28. Qa7+ Kd6 29. Rxg7 Ra8 30. Qf7 Rb8 31. d4 Nb7 32. Qd7# 1-0

[Event "AUTO-OPEN-4558"]
[Site "http://www.queenalice.com/game.php?id=1846556"]
[Date "2024.11.2"]
[Round "1"]
[White "SGF"]
[Black "Kn1ght1962"]
[Result "0-1"]
[WhiteElo "1736"]
[BlackElo "1748"]

1. e4 e5 2. Qf3 Nf6 3. d3 h6 4. Be2 d6 5. Qg3 a6 6. h4 Bd7 7. Nc3 c6 8. a4 Qa5
9. Bd2 b5 10. Nd5 Qd8 11. Nxf6+ Qxf6 12. axb5 cxb5 13. b4 Nc6 14. c3 Be7 15. h5
Qe6 16. Qxg7 O-O-O 17. Rxa6 Rdg8 18. Bg4 Qb3 19. Ra8+ Kb7 20. Rxg8 Qb1+ 21. Bd1
Rxg8 22. Qxg8 Qxd3 23. Qh7 Bg5 24. Bxg5 hxg5 25. h6 Qxc3+ 26. Kf1 Qd2 27. Nf3
Qxd1+ 28. Ne1 Nd4 29. Qxf7 Qe2+ 30. Kg1 Qxe1+ 31. Kh2 Qxe4 32. h7 Qh4+ 33. Kg1
Ne2+ 34. Kf1 Qxh1+ 35. Kxe2 Kc6 36. Qg7 Bg4+ 37. f3 Qxg2+ 38. Ke3 Qxf3+ 39. Kd2
Qe2+ 40. Kc3 Qe1+ 41. Kb3 Be6+ 42. Ka3 Qc3# 0-1

[Event "AUTO-OPEN-4558"]
[Site "http://www.queenalice.com/game.php?id=1846557"]
[Date "2024.11.2"]
[Round "1"]
[White "Kn1ght1962"]
[Black "Shizumaru_Hisame"]
[Result "0-1"]
[WhiteElo "1766"]
[BlackElo "1909"]

1. e4 e5 2. d3 Bc5 3. Qf3 d6 4. Nh3 Qf6 5. Qxf6 Nxf6 6. Nc3 Nc6 7. a3 Nd4 8. Kd2
Bxh3 9. gxh3 O-O 10. Nb5 Nxb5 11. f3 Nd4 12. Bg2 Nh5 13. Kd1 Nf4 14. Bf1 Nxf3
15. Bxf4 exf4 16. Ke2 Nd4+ 17. Kd2 Ne6 18. Re1 Ng5 0-1

[Event "AUTO-OPEN-4558"]
[Site "http://www.queenalice.com/game.php?id=1846558"]
[Date "2024.11.2"]
[Round "1"]
[White "Shizumaru_Hisame"]
[Black "Kn1ght1962"]
[Result "1-0"]
[WhiteElo "1898"]
[BlackElo "1777"]

1. e4 e5 2. Bc4 Qf6 3. d3 Bc5 4. Qe2 Nc6 5. c3 Nge7 6. Nf3 h6 7. Na3 a6 8. Bb3
O-O 9. Be3 Bd6 10. Nc4 b5 11. Ncd2 Qg6 12. Nh4 Qf6 13. g3 a5 14. a3 a4 15. Ba2
Ba6 16. O-O-O Na5 17. Rdf1 c5 18. f4 1-0

[Event "AUTO-ADV-4823"]
[Site "http://www.queenalice.com/game.php?id=1846612"]
[Date "2024.11.3"]
[Round "1"]
[White "mvson33"]
[Black "Kn1ght1962"]
[Result "0-1"]
[WhiteElo "1773"]
[BlackElo "1798"]

1. e4 e5 2. Nf3 d6 3. Bc4 Qf6 4. Nc3 c6 5. O-O Be7 6. d3 Nd7 7. Bg5 Qg6 8. Bxe7
Nxe7 9. a3 b5 10. Ba2 Ba6 11. Re1 h6 12. Qd2 Rd8 13. Nh4 Qg5 14. Qxg5 hxg5 15.
Nf3 f6 16. Rad1 Ng6 17. Nb1 Ke7 18. Nc3 g4 19. Nd2 Nf4 20. Nf1 g5 21. Ne2 Rh7
22. Nxf4 gxf4 23. Nd2 Rdh8 24. Nb3 Rxh2 25. Kf1 f3 0-1

[Event "AUTO-ADV-4823"]
[Site "http://www.queenalice.com/game.php?id=1846613"]
[Date "2024.11.3"]
[Round "1"]
[White "Kn1ght1962"]
[Black "mvson33"]
[Result "1-0"]
[WhiteElo "1783"]
[BlackElo "1761"]

1. e4 d5 2. exd5 Qxd5 3. d3 Nf6 4. Be2 g6 5. h3 Bg7 6. Nc3 Qd8 7. Nf3 O-O 8. Be3
Nc6 9. a3 Bd7 10. Qd2 a6 11. Ng5 Ne5 12. O-O-O Bf5 13. g4 Bd7 14. f4 Nc6 15.
Rdg1 Rc8 16. h4 Be8 17. f5 Ne5 18. fxg6 hxg6 19. h5 gxh5 20. gxh5 Bh6 21. Ne6+
Kh7 22. Nxd8 Rxd8 23. Bxh6 Rg8 24. Rxg8 Nxg8 25. Qg5 1-0

[Event "AUTO-ADV-4823"]
[Site "http://www.queenalice.com/game.php?id=1846626"]
[Date "2024.11.3"]
[Round "1"]
[White "Carlos19"]
[Black "Kn1ght1962"]
[Result "1/2-1/2"]
[WhiteElo "1628"]
[BlackElo "1789"]

1. e4 e5 2. Bc4 Qf6 3. Qf3 a6 4. Qxf6 Nxf6 5. d3 Bc5 6. Nc3 h6 7. Nf3 d6 8. Nd5
Nxd5 9. Bxd5 Nd7 10. O-O Nf6 11. Bb3 Bd7 12. a4 O-O-O 13. Bxf7 Kb8 14. b3 g5 15.
h3 Rdf8 16. Bc4 g4 17. Nh4 gxh3 18. gxh3 Bxh3 19. Ng2 Rfg8 20. Kh2 Bxg2 21. Rg1
Bf3 22. Rxg8+ Rxg8 23. Bxg8 Nxg8 24. Kg3 Bh5 25. Be3 Bxe3 26. fxe3 Nf6 27. c4
Ng4 28. Rh1 Nf6 29. Kh4 Be2 30. c5 Bxd3 31. cxd6 cxd6 32. Rg1 Bxe4 33. a5 Nd5
34. Re1 Bc2 35. Kh5 Bxb3 36. Kxh6 Kc7 37. e4 Nc3 38. Rc1 Kd7 39. Rxc3 Ba4 40.
Ra3 Bc6 41. Re3 Ke6 42. Kg7 Ke7 43. Kg8 1/2-1/2

[Event "AUTO-ADV-4823"]
[Site "http://www.queenalice.com/game.php?id=1846627"]
[Date "2024.11.3"]
[Round "1"]
[White "Kn1ght1962"]
[Black "Carlos19"]
[Result "1-0"]
[WhiteElo "1779"]
[BlackElo "1638"]

1. e4 e5 2. Nf3 Nc6 3. a3 Nf6 4. d3 Bc5 5. Nbd2 Nd4 6. h3 d6 7. Nc4 h6 8. Be3
Nxf3+ 9. Qxf3 O-O 10. Qg3 Bxe3 11. Qxe3 b5 12. Nd2 c5 13. O-O-O b4 14. a4 a5 15.
b3 Be6 16. Nc4 Qc7 17. g4 d5 18. Nd2 d4 19. Qg3 Qd7 20. Qxe5 Rfc8 21. g5 hxg5
22. Qxg5 Nh7 23. Qg3 g5 24. h4 g4 25. Be2 f5 26. exf5 Bxf5 27. Nf3 Re8 28. Rde1
Kh8 29. Ne5 Qc8 30. Nxg4 Bxg4 31. Bxg4 Rxe1+ 32. Rxe1 Qb8 33. Qxb8+ Rxb8 34. Re5
Nf6 35. f3 Nxg4 36. fxg4 Rc8 37. h5 Kh7 38. g5 Rc7 39. Rf5 Rc6 40. Rf7+ Kg8 41.
g6 c4 42. bxc4 b3 43. cxb3 Rxg6 44. hxg6 Kh8 45. c5 Kg8 46. c6 Kh8 47. c7 1-0

[Event "AUTO-ADV-4823"]
[Site "http://www.queenalice.com/game.php?id=1846634"]
[Date "2024.11.3"]
[Round "1"]
[White "Charles56"]
[Black "Kn1ght1962"]
[Result "1-0"]
[WhiteElo "1858"]
[BlackElo "1756"]

1. e4 e5 2. Nf3 d6 3. h3 a6 4. Nc3 c6 5. d4 exd4 6. Qxd4 h6 7. Bd3 Nf6 8. Bf4 c5
9. Qa4+ Bd7 10. Qb3 Nc6 11. O-O Qc8 12. Bd2 b5 13. a3 Bxh3 14. Bf4 Qg4 15. Bg3
c4 16. Bxc4 bxc4 17. Qxc4 Rc8 18. Qxa6 Be7 19. Nh2 Qe6 20. gxh3 O-O 21. Kg2 Ne5
22. f4 Nc4 23. f5 Qd7 24. Rfe1 Ne5 25. Rad1 Rb8 26. Bxe5 1-0

[Event "AUTO-ADV-4823"]
[Site "http://www.queenalice.com/game.php?id=1846635"]
[Date "2024.11.3"]
[Round "1"]
[White "Kn1ght1962"]
[Black "Charles56"]
[Result "0-1"]
[WhiteElo "1744"]
[BlackElo "1870"]

1. e4 e5 2. Nf3 d6 3. h3 a6 4. a3 Nc6 5. d3 h6 6. Nc3 Nf6 7. Be3 Be6 8. Be2 Be7
9. Qd2 Qd7 10. O-O-O b5 11. d4 Nxd4 12. Nxd4 exd4 13. Qxd4 c5 14. Qd2 b4 15.
axb4 cxb4 16. Nd5 Bxd5 17. exd5 O-O 18. Bxh6 gxh6 19. Qxh6 Nh7 20. Bd3 f5 21.
Qg6+ Kh8 22. g4 Bg5+ 23. Kb1 f4 24. f3 Rg8 0-1

[Event "AUTO-OPEN-4573"]
[Site "http://www.queenalice.com/game.php?id=1851410"]
[Date "2025.2.1"]
[Round "1"]
[White "Kn1ght1962"]
[Black "bmax"]
[Result "0-1"]
[WhiteElo "1811"]
[BlackElo "2293"]

1. e4 c6 2. a3 d5 3. exd5 cxd5 4. h3 Nc6 5. d4 Bf5 6. Nc3 e6 7. Nf3 Bd6 8. Bb5
Ne7 9. Be3 O-O 10. Qd2 Na5 11. Ng5 a6 12. O-O-O axb5 13. Nxb5 Bb8 14. g4 Bg6 15.
f4 h6 16. Nf3 Nc4 17. Qf2 Qb6 18. b3 Qxb5 19. bxc4 Qxc4 20. Ne5 Bxe5 21. dxe5
Rxa3 22. f5 Qc3 23. Bd4 Ra1# 0-1

[Event "AUTO-OPEN-4573"]
[Site "http://www.queenalice.com/game.php?id=1851411"]
[Date "2025.2.1"]
[Round "1"]
[White "bmax"]
[Black "Kn1ght1962"]
[Result "1-0"]
[WhiteElo "2301"]
[BlackElo "1794"]

1. Nf3 d5 2. g3 h6 3. Bg2 e6 4. O-O Nc6 5. d3 Bd6 6. e4 Bc5 7. Nbd2 Nd4 8. Ne5
Nf6 9. Re1 Bd6 10. c3 Bxe5 11. cxd4 Bxd4 12. Qa4+ Bd7 13. Qxd4 O-O 14. e5 Nh5
15. Qg4 Qg5 16. Qxg5 hxg5 17. h3 Rae8 18. Nf3 f6 19. exf6 gxf6 20. d4 Ng7 21. h4
g4 22. Nh2 f5 23. Bh6 a5 24. a4 Kh7 25. Bf4 c6 26. f3 b6 27. fxg4 fxg4 28. Nxg4
Nf5 29. Ne5 Rd8 30. Bg5 Nxd4 31. Bxd8 Rxd8 32. Rad1 Nc2 33. Re2 Nd4 34. Rxd4 c5
35. Rf4 Be8 36. Nf7 Rd7 37. Ng5+ Kg6 38. Rxe6+ Kh5 39. Bf3# 1-0